=LDR 00000nam 2200000 4500 =001 INLIS000000000012765 =005 20130612104244 =008 ***********************************Ind** =035 ##$$0010-061300000012765 =041 ##$$a Ind =082 ##$$a 615.882 =090 ##$$a 615.882, Pal =100 ##$$a Putra, Segatri =245 ##$$a Taru prumana, Segatri putra =260 ##$$a 1977 $b Denpasar =300 ##$$a 29 hlm., 21 cm =650 ##$$a Obat Tradisional =850 ##$$a NBPNMAT